Statesman's year book 1993-94 / (Record no. 12921)

000 -LEADER
fixed length control field 00407nam a22001577a 4500
008 - FIXED-LENGTH DATA ELEMENTS--GENERAL INFORMATION
fixed length control field 211228b ||||| |||| 00| 0 eng d
020 ## - INTERNATIONAL STANDARD BOOK NUMBER
International Standard Book Number 0-333-57654--3
041 0# - LANGUAGE CODE
Language code of text/sound track or separate title hin
100 ## - MAIN ENTRY--PERSONAL NAME
9 (RLIN) 1257
Personal name Hunter, Brian
245 10 - TITLE STATEMENT
Title Statesman's year book 1993-94 /
250 ## - EDITION STATEMENT
Edition statement 130th ed.
260 ## - PUBLICATION, DISTRIBUTION, ETC. (IMPRINT)
Place of publication, distribution, etc London :
Name of publisher, distributor, etc McMillan,
Date of publication, distribution, etc 1993.
300 ## - PHYSICAL DESCRIPTION
Extent 1710 p.
650 #0 - SUBJECT ADDED ENTRY--TOPICAL TERM
Topical term or geographic name as entry element Political Science
942 ## - ADDED ENTRY ELEMENTS (KOHA)
Item type Books
Holdings
Withdrawn status Lost status Source of classification or shelving scheme Damaged status Not for loan Permanent location Current location Date acquired Source of acquisition Cost, normal purchase price Full call number Barcode Date last seen Cost, replacement price Koha item type
          IMU Kolkata IMU Kolkata 1994-08-16 Shankar Book Agency 1984.00 320 H9451 08281 2021-12-28 1984.00 Books
Designed and Maintained by IMU-KC Library, Kolkata Campus © Copyright All Rights Reserved

webs counters

Powered by Koha